Cartilla Impuesto al Valor Agregado 2017

Bibliographic Details
Main Author: Zuluaga Potes, Jorge Hernǹ
Format: eBook
Language:Spanish
Published: Bogot:̀ ECOE, 2017
Subjects:
Online Access:Acceso restringido

MARC

LEADER 00000nam a22000007a 4500
005 20170619010145.0
007 cr|||| |||
008 170619s2017 co |||||s|||| 00||0 spa d
020 |a 978-958-771-444-9 
035 |a 20362 
040 |a vLex 
090 |c 6782  |d 6782 
100 1 |a Zuluaga Potes, Jorge Hernǹ 
245 1 0 |a Cartilla Impuesto al Valor Agregado 2017  |h [Recurso electrn̤ico] /  |c Jorge Hernǹ Zuluaga Potes 
256 |a Servicio en ln̕ea 
260 |a Bogot:̀  |b ECOE,  |c 2017 
300 |a 1 recurso electrn̤ico 
500 |a Esta cartilla desarrolla los elementos del Impuesto al Valor Agregado (regm̕enes, hecho generador, responsabilidad, causacin̤ del impuesto, bienes y servicios exentos y excluidos, base gravable, tarifas de impuestos descontables); del Impuesto Nacional al Consumo (causacin̤, base gravable, bienes gravados y exclusiones); procedimiento de las devoluciones y compensaciones en el impuesto sobre las ventas (los saldos a favor y las devoluciones especiales); y la obligacin̤ de facturar (qu ̌es la obligacin̤, documentos sustitutivos y equivalentes a la factura, y la facturacin̤ electrn̤ica). El libro est ̀estructurado en secciones claramente numeradas y contiene extractos de la legislacin̤ colombiana vigente a diciembre de 2016. Sirve como fuente de consulta para contadores, gerentes y emprendedores en empresas colombianas responsables del Impuesto al Valor Agregado y del Impuesto Nacional al Consumo. 
506 1 |a Disponible solo en los productos indicados  |d vLex Global  |d vLex Global (Academic Edition, excluding Law Schools)  |d vLex Global (U.S. Academic Edition, Law Schools)  |d vLex Global (U.S. Academic Edition, excluding Law Schools)  |d vLex Global (Academic Edition, Law Schools) 
650 0 4 |a Derecho Mercantil y de la Empresa  |z Colombia 
650 0 4 |a Contabilidad  |z Colombia 
650 0 4 |a Economa̕ y negocios  |z Colombia 
650 0 4 |a Contabilidad  |z Colombia 
740 0 |a vLex Libros (Servicio en ln̕ea) 
856 4 0 |u http://vlex.com/source/cartilla-impuesto-al-valor-agregado-2017-20362  |z Acceso restringido 
942 |c BOOK 
999 0 |a Commercial and Company Law 
999 0 |a Accounting 
999 0 |a Economy and business 
999 0 |a Accounting